000 01096cam a22002533a 4500
001 16387
003 PGUSA
005 20140828083341.0
008 050729s2005||||xxu|||||s|||||000 | eng d
040 _aPGUSA
_beng
042 _adc
050 4 _aDG
100 1 _aGoldsmith, Oliver,
_d-1774
245 1 0 _aPinnock's improved edition of Dr. Goldsmith's History of Rome :
_bto which is prefixed an introduction to the study of Roman history, and a great variety of valuable information added throughout the work, on the manners, institutions, and antiquities of the Romans; with numerous biographical and historical notes; and questions for examination at the end of each section. By Wm. C. Taylor.
_h[electronic resource] /
_cOliver Goldsmith
260 _bProject Gutenberg,
_c2005
506 _aPublic domain in the USA.
516 _aElectronic text
653 _aRome -- History
700 1 _aPinnock, William,
_d1782-1843
700 1 _aTaylor, W. C.
_q(William Cooke),
_d1800-1849
830 0 _aProject Gutenberg
_v16387
856 4 0 _uhttp://www.gutenberg.org/ebooks/16387
942 _cEB
999 _c245642
_d245642